Kamu-İş (Record no. 11451)

MARC details
000 -BAŞLIK
Sabit Uzunlukta Kontrol Alanı 01488na a2200373 4500
001 - KONTROL NUMARASI
Denetim Alanı 22174
003 - KONTROL NUMARASI IDENTIFIER
Denetim Alanı MIRAKIL
005 - SON İŞLEM TARİHİ VE ZAMANI
Denetim Alanı 20181226092845.0
008 - SABİT-BOY VERİ ELEMANLARI - GENEL BİLGİLER
Sabit Uzunlukta Kontrol Alanı 170211b tu n0 0 0
022 ## - ULUSLARARASI STANDART SERİ NUMARASI
Uluslararası Standart Süreli Yayın Numarası 1303-4995
035 ## - SİSTEM KONTROL NUMARASI
Sistem Kontrol Numarası 20919
040 ## - KATALOGLAMA KAYNAK
Orijinal Kataloglama Ajansı Milas
Kataloglama Dili tur
Metne Dönüştürmek Ajansı TR-AnCHP
041 ## - DİL KODU
Metin / Ses Parça Veya Ayrı Başlığın Dil Kodu tur
090 ## - SINIFLAMA NUMARASI
Sınıflama Numarası 050 DER 115
222 ## - ANAHTAR ADI
Anahtar Başlık İş hukuku ve iktisat dergisi
245 ## - BAŞLIK TABLOSU
Başlık Kamu-İş
Başlığın Kalan İş hukuku ve iktisat dergisi
Sorumluluk Tablosu, Vb [yayınlayan] Kamu işletmeleri İşverenleri Sendikası (Kamu-İş)
246 ## - UNVAN FORM VARYING
Başlık Doğru / Kısa Başlığı Kamu-İş İş hukuku ve iktisat dergisi
246 ## - UNVAN FORM VARYING
Başlık Doğru / Kısa Başlığı İş hukuku ve iktisat dergisi
260 ## - YAYIN, DAĞITIM, VB
Yayın, Dağıtım, Vb Yeri Ankara
Yayıncı, Dağıtıcı, Vs Adı Kamu işletmeleri İşverenleri Sendikası
Yayın, Dağıtım, Vb Tarihi 1987-
300 ## - FİZİKSEL TANIM
Kapsam c.
Diğer Fiziksel Ayrıntıları tbl. ; grf.
Boyutlar 23 sm.
362 ## - YAYIN VE / VEYA SIRALI GÖREVLENDİRİLMESİNE TARİHLERİ
Yayın Ve / Veya Ardışık Kullanım Amacı Tarihleri cilt 13, sayı 1 (Nisan 2013)-
500 ## - GENEL NOT
Genel Not Mevcut sayılar: (4) 2009; (4) Aralık 2012; (1) Nisan 2013; (2) Kasım 2013; (1) Haziran 2015
510 ## - REFERANS / REFERANSLAR NOT
Kaynağın Adı Kaynakça makale sonlarındadır
530 ## - EK FİZİKSEL FORMU MEVCUT NOT
Ek Fiziksel Formu Mevcut Notu Online olarak erişilebilir. (http://www.kamu-is.org.tr/dergiler.htm)
650 ## - KONU KATMA GİRİŞ - TOPİKAL DÖNEM
Topikal Süreli Veya Coğrafi Ad Giriş Elemanı İş hukuku
Form Alt Bölümü Süreli yayınlar
Coğrafi Alt Bölümü Türkiye
650 ## - KONU KATMA GİRİŞ - TOPİKAL DÖNEM
Topikal Süreli Veya Coğrafi Ad Giriş Elemanı Endüstriyel ilişkiler
Form Alt Bölümü Süreli yayınlar
Coğrafi Alt Bölümü Türkiye
651 ## - KONU KATMA GİRİŞ - COĞRAFİ ADI
Coğrafi İsim Türkiye
Form Alt Bölümü Süreli yayınlar
Genel Alt Bölümü İş hukuku ve mevzuatı
710 ## - KATMA GİRİŞ - KURUMSAL ADI
Giriş Elemanı Olarak Kurumsal Ad Veya Yargı Alanı Adı Kamu İşletmeleri İşverenleri Sendikası(Kamu-İş)
Bir Çalışmanın Adı İş hukuku ve iktisat dergisi
910 ## - KULLANICI SEÇENEK, VERİLERİN (OCLC)
Kullanıcı Seçenek Veri DERGİ 115
942 ## - EKLENDİ GİRİŞ ELEMANLARI (KOHA)
Sınıflandırma Veya Raf Düzeni Kaynak Dewey Decimal Classification
Koha Öğesi Türü Serials
999 ## - SİSTEM KONTROL NUMARALARI (KOHA)
Koha Biblionumber 11451
Koha Biblioitemnumber 11451
310 ## - MEVCUT YAYIN FREKANSI
Güncel Yayın Frekansı yılda üç kez
655 ## - INDEX DÖNEM - TÜR / FORMU
-- Akademik dergi
Holdings
Kullanım Kısıtlamaları Kalıcı Konum Mevcut Konum Edinme Tarihi Kodlu Konum Eleme Toplam Check-Out'Lar Tam Çağrı Numarası Barkod Tarih Son Görülme İtibaren Geçerli Fiyatlar Sigara Kamu Notu Koha Öğesi Türü
Kütüphane dışına çıkarılamaz CHP Kütüphanesi CHP Kütüphanesi 02/11/2017 SÜRELİ YAYINLAR   050 DER 101 D115 02/11/2017 02/11/2017 Serials